000 00859 a2200205 4500
008 080822t xxu||||| |||| 00| 0 eng d
010 _aENG-85074
020 _a8188689459
_c750.00
035 _aEN-68607
037 _bD.B.Act / Pub
082 _a576.8
100 _aSwift, David W.
245 _aEvolution under the microscope
_ba scientific critique of the throry of evolution
_c by David W. Swift,
260 _aNew Delhi
_bOverseas Press India
_c2006
270 _a7/28, Ansari Road, Darya Ganj
_bNew Delhi
_e110 002
_moverseas@de13.vsnl.nic.in
300 _axii, 423p.
_b23cm. (Hb)
500 _aincludes index and bibliography
942 _adpl
_cEN
_k576.8 /SWI
_2ddc
_h576.8
_mSWI
999 _c1027
_d1027